logo

Bir Sreshtho Munshi Abdur Rouf Library
Jhenaidah Cadet College

Introduction to statistics for the social and behavioral sciences / (Record no. 7113)

MARC details
000 -LEADER
fixed length control field 00941pam a2200301 a 4500
001 - CONTROL NUMBER
JCCL Control Number 7113
003 - CONTROL NUMBER IDENTIFIER
JCCL marc code BD-JhCC
005 - DATE AND TIME OF LATEST TRANSACTION
control field 20180205114137.0
008 - FIXED-LENGTH DATA ELEMENTS--GENERAL INFORMATION
fixed length control field 860122s1986 caua b 001 0 eng
020 ## - INTERNATIONAL STANDARD BOOK NUMBER
International Standard Book Number 0534056105
035 ## - SYSTEM CONTROL NUMBER
system control number (BD-JhCC)7113
040 ## - CATALOGING SOURCE
Original cataloging agency DLC
Transcribing agency DLC
Modifying agency DLC
-- (BD-JhCC)
041 ## - LANGUAGE CODE
Language code of Book eng
050 00 - LIBRARY OF CONGRESS CALL NUMBER
Classification number HA29
Item number .C55496 1986
082 00 - DEWEY DECIMAL CLASSIFICATION NUMBER
Classification number 519.5
DDC Edition number 19
Author mark and Year CHR 1986
100 1# - MAIN ENTRY--PERSONAL NAME
Personal name Christensen, Larry B.,
Dates associated with a name 1941-
245 10 - TITLE STATEMENT
Title Introduction to statistics for the social and behavioral sciences /
Statement of responsibility, etc Larry B. Christensen and Charles M. Stoup.
260 ## - PUBLICATION, DISTRIBUTION, ETC. (IMPRINT)
Place of publication, distribution, etc Monterey, Calif. :
Name of publisher, distributor, etc Brooks/Cole Pub. Co.,
Date of publication, distribution, etc c1986.
300 ## - PHYSICAL DESCRIPTION
Pagination ix, 566 p. :
Other physical details ill. ;
Dimensions 24 cm.
500 ## - GENERAL NOTE
General note Includes index.
504 ## - BIBLIOGRAPHY, ETC. NOTE
Bibliography, etc Bibliography: p. [531]-532.
650 #0 - SUBJECT ADDED ENTRY--TOPICAL TERM
Topical term or geographic name as entry element Social sciences
General subdivision Statistical methods.
650 #0 - SUBJECT ADDED ENTRY--TOPICAL TERM
Topical term or geographic name as entry element Psychology
General subdivision Statistical methods.
650 #0 - SUBJECT ADDED ENTRY--TOPICAL TERM
Topical term or geographic name as entry element Statistics.
700 1# - ADDED ENTRY--PERSONAL NAME
Personal name Stoup, Charles M.,
Dates associated with a name 1952-
942 ## - ADDED ENTRY ELEMENTS (KOHA)
Source of classification or shelving scheme Dewey Decimal Classification
Koha item type Books
Holdings
Source of classification or shelving scheme Damaged status Not for loan Home library Current library Shelving location Total Checkouts Full call number Barcode Date last seen Copy number Koha item type
Dewey Decimal Classification     JCC Rouf Library JCC Rouf Library General Stacks   519.5 CHR 1986 8677 02/05/2018 C - 1 Books

JCC Library | Contacts | JCC Home

Last Update on 23 September 2017
Copyright @ 2017-2020 JCC Rouf Library
Rouf Library, Jhenidah Cadet College (JCC), Bangladesh